000 04851nam a22003377a 4500
001 TIC 0004
003 gtcocun
005 20250924175555.0
006 a||||gr|||| 00| 0
007 ta
008 250924b2019 gt ||||| m||| 00| 0 eng d
040 _agtcocun
_bSPA
_cgtcocun
_eRDA
041 _aSPA TIC 0004
084 _0TIC 0004
100 _aDubón Valdez, Edwin Robert
_eAutor
245 _aDISEÑO Y PLANIFICACIÓN DE EDIFICIO Y ABASTECIMIENTO DE AGUA, CENTRO UNIVERSITARIO DEL NORTE, COBÁN, ALTA VERAPAZ./
_cEdwin Robert Dubón Valdez.
_hImpreso
264 _aCobán, Alta Verapaz:
_bUniversidad de San Carlos de Guatemala, Centro Universitario del Norte, El Centro Universitario del Norte-CUNOR-, se encuentra en el municipio de Cobán, Alta Verapaz, localizado a una distancia de 212 kilómetros de la ciudad capital. En dicho lugar se llevó a cabo el Ejercicio Profesional Supervisado, se realizó para ello los proyectos denominados: Diseño y planificación de edificio y abastecimiento de agua, Centro Universitario del Norte, Cobán, Alta Verapaz. Actualmente el campus universitario cuenta con un suministro de agua la cual no es apta para su consumo, según los estudios internos realizados, así mismo cuenta con infraestructura insuficiente para funciones académicas y debido al crecimiento poblacional cada año la demanda de nuevas infraestructuras crece. El informe se orienta a dos área de la Ingeniería Civil a la de estructuras e hidráulica, para el diseño de una edificación, cuyos objetivos son proteger la vida y la integridad física de las personas el diseñador debe brindar un mínimo de calidad estructural y protección contra daños directos e indirectos ante una amenaza natural, por lo que se debe cumplir con códigos y normas como el Código Uniforme de la edificación-UBC-y el código del Instituto Americano del Concreto-ACI 318S-14 y para el diseño hidráulico se debe cumplir con lo requerido en la norma INFOM-UNEPAR, por los que es necesario contar con una buena guía para su interpretación. Durante la intervención del Ejercicio Profesional Supervisado el estudiante integra los conocimientos adquiridos y lleva la teoría a la práctica, el cual se plasma en el presente documento al dejar a detalle cada uno de los procedimientos que respaldan técnicamente los diseños.
_c2019
300 _a165 p.:
_bIlustraciones, gráficas.
_c28 cm;
300 _cPDF
336 _2rdacontenido
_aTexto
_btxt
337 _2rdamedio
_aComputadora
_bn
338 _2rdasoporte
_aCódigo en línea
_bcr
502 _eTIC 0004
502 _aTesis de grado
_bIngeniería Civil,
_cUniversidad de San Carlos de Guatemala, Centro Universitario del Norte, Ingeniería Civil,
_d2019
_oTIC 0004
520 1 4 _aEl Centro Universitario del Norte-CUNOR-, se encuentra en el municipio de Cobán, Alta Verapaz, localizado a una distancia de 212 kilómetros de la ciudad capital. En dicho lugar se llevó a cabo el Ejercicio Profesional Supervisado, se realizó para ello los proyectos denominados: Diseño y planificación de edificio y abastecimiento de agua, Centro Universitario del Norte, Cobán, Alta Verapaz. Actualmente el campus universitario cuenta con un suministro de agua la cual no es apta para su consumo, según los estudios internos realizados, así mismo cuenta con infraestructura insuficiente para funciones académicas y debido al crecimiento poblacional cada año la demanda de nuevas infraestructuras crece. El informe se orienta a dos área de la Ingeniería Civil a la de estructuras e hidráulica, para el diseño de una edificación, cuyos objetivos son proteger la vida y la integridad física de las personas el diseñador debe brindar un mínimo de calidad estructural y protección contra daños directos e indirectos ante una amenaza natural, por lo que se debe cumplir con códigos y normas como el Código Uniforme de la edificación-UBC-y el código del Instituto Americano del Concreto-ACI 318S-14 y para el diseño hidráulico se debe cumplir con lo requerido en la norma INFOM-UNEPAR, por los que es necesario contar con una buena guía para su interpretación. Durante la intervención del Ejercicio Profesional Supervisado el estudiante integra los conocimientos adquiridos y lleva la teoría a la práctica, el cual se plasma en el presente documento al dejar a detalle cada uno de los procedimientos que respaldan técnicamente los diseños.
650 _2LEMB
_aCobán, Alta Verapaz.
_xIngeniería
_xHidráulica
_xEdificación
_xPoblacional
_xCalidad estructural
_xAbastecimiento
700 _aIng. Civil Marlon Alexander Moran Castro
_eAsesor
856 _uhttps://drive.google.com/file/d/1JD3-4BLVVCKDZYeI4M-whTlByRkh3dr2/view
_yPDF
_zUn ejemplar en línea.
942 _2ddc
_cTES
_iTIC 0004
_kClasificación
_n0
_6TIC_0004_000000000000000
999 _c2126
_d2126